Analýza výnosov a nákladov ubytovacieho zariadenia bakalárska práca

Enregistré dans:
Détails bibliographiques
Auteur principal: Kósa, Judit
Collectivité auteur: Obchodná fakulta EU. Katedra služieb a cestovného ruchu - zrušené
Autres auteurs: Bažó, Ladislav, 1980-
Format: Livre
Langue:slovaque
Publié: Bratislava 2012
Tags: Ajouter un tag
Pas de tags, Soyez le premier à ajouter un tag!

MARC

LEADER 00000nbm a2200000 4500
001 0154366
005 20161109111838.4
041 0 |a slo 
044 |a SK 
245 1 0 |a Analýza výnosov a nákladov ubytovacieho zariadenia  |b bakalárska práca  |c Judit Kósa ; školiteľ: Ladislav Bažó 
264 1 |a Bratislava  |c 2012 
300 |a 54 s. 
100 1 |a Kósa, Judit 
700 1 |a Bažó, Ladislav, 1980- 
710 2 |a Obchodná fakulta EU. Katedra služieb a cestovného ruchu - zrušené